| 000 | 00000nam 2200000za 4500 |
| 001 | 9.573071 |
| 003 | CaOODSP |
| 005 | 20221107134029 |
| 007 | cr ||||||||||| |
| 008 | 150406s2000 onc|||||o f00| 0 eng d |
| 040 | |aCaOODSP|beng |
| 043 | |an-cn--- |
| 086 | 1 |aM22-132/8-2000E-PDF |
| 110 | 1 |aCanada. |bNatural Resources Canada. |
| 245 | 10|aIndustry Table overview report |h[electronic resource] |
| 246 | 1 |iVariant title : |aNational Climate Change Process, Industry Table overview report |
| 260 | |aOttawa : |bThe Table,|c2000. |
| 300 | |a90p.|bfig., graphs, tables |
| 500 | |a"National Climate Change Process" |
| 590 | |a12-10-Supp|b2012-03-23 |
| 710 | 2 |aNational Climate Change Secretariat (Canada).|bIndustry Table. |
| 775 | 08|tRapport sur l'aperçu de la Table de l'industrie |w(CaOODSP)9.603302 |
| 776 | 0#|tIndustry Table: overview report / |w(CaOODSP)9.615207 |
| 856 | 40|ahttp://publications.gc.ca|qPDF|s383 KB|uhttps://publications.gc.ca/collections/Collection/M22-132-8-2000E.pdf |